El Impuesto sobre el patrimonio neto / selección y revisión de Fernando Breña
Descripción Física:
505 p. ; 19 cm
Otros Autores:
Breña Cruz, Fernando A.
Materias:
Impostos sobre el patrimoni -- Espanya
MARC
| LEADER | 00000nam a2200000Ia 4500 | ||
|---|---|---|---|
| 001 | 1816 | ||
| 008 | 160829s9999 xx 000 0 cat d | ||
| 080 | |a M-2-342 | ||
| 245 | |a El Impuesto sobre el patrimonio neto / selección y revisión de Fernando Breña | ||
| 260 | |a Madrid : |b Instituto de Estudios Fiscales, DL 1972 | ||
| 300 | |a 505 p. ; |c 19 cm | ||
| 590 | |a A la part superior de la portada: Ministerio de Hacienda. | ||
| 650 | 0 | |a Impostos sobre el patrimoni |x Espanya |9 27507 | |
| 700 | 1 | |a Breña Cruz, Fernando A. |9 27508 | |
| 901 | |a Arxiu | ||
| 942 | |n 1 | ||
| 952 | |0 0 |1 0 |4 0 |6 M2342 |7 1 |9 44417 |a Arxiu |b Arxiu |d 2016-12-01 |l 0 |o M-2-342 |p 1816 |r 2016-12-01 00:00:00 |w 2016-12-01 |y ARXIU | ||
| 999 | |c 46998 |d 46998 | ||